000 00913nam a2200229 i 4500
001 159488
003 ES-MaACL
005 20251013214051.0
008 040914q18901900fr |||| | fre d
040 _aCAM
_bspa
_cCAM
100 1 _aMérimée, Prosper (
_d1803-1870)
_980507
245 1 0 _aLettres a une inconnue /
_cpar Prosper Mérimée ; précédées d'une étude sur Mérimée par H. Taine.
260 _aParis :
_bCalmann Lévy, éditeur,
_c[s.a.] (
_eLagny :
_fEmile Colin)
300 _a2 v. (XXXII, 368 ; 373 p.) ;
_c19 cm.
490 1 _aBibliothèque contemporaine
596 _aCalmann Lévy ejerce ca. 1890-1900.
596 _aEn cub. consta el imp.: Imprimerie Chaix.
700 1 _aTaine, Hippolyte,
_d1828-1893
_9109085
830 0 _aBibliothèque contemporaine
_9181673
852 _aES-MaACL
_jB-2722-2723
_z-- Enc. hol., conservando las cub. originales
999 _c159488
_d159488